[Event "Subotica-ch op"]
[Site "Subotica"]
[Date "2020.03.02"]
[Round "4"]
[White "Slavic, Nikola"]
[Black "Farkas, Sandor I"]
[Result "1/2-1/2"]
[WhiteElo "1935"]
[BlackElo "2035"]
[PlyCount "126"]
[EventDate "2020.02.24"]
[EventType "swiss"]
[EventRounds "9"]
[EventCountry "SRB"]
[SourceTitle "CBM 195 Extra"]
[Source "ChessBase"]
[SourceDate "2020.05.31"]
[SourceVersion "1"]
[SourceVersionDate "2020.05.31"]
[SourceQuality "1"]

1. e4 d6 2. d4 g6 3. Nc3 Bg7 4. Be3 c6 5. Bd3 b5 6. Nf3 Nd7 7. Ne2 Nb6 8. c3 Qc7 9. Ng3 Nf6 10. h3 0-0 11. 0-0 e5 12. dxe5 dxe5 13. Re1 Nfd7 14. Qc2 Na4 15. c4 Nac5 16. cxb5 Nxd3 17. Qxd3 cxb5 18. Qxb5 Rb8 19. Qe2 Qa5 20. Bd2 Qb6 21. Bc3 a5 22. Rad1 Re8 23. Rd5 a4 24. a3 Qc7 25. Bb4 Bf8 26. Bxf8 Nxf8 27. Red1 Be6 28. R5d2 Bb3 29. Re1 Ne6 30. Qa6 Red8 31. Rxd8+ Rxd8 32. Qb5 f6 33. Qb4 Nf4 34. Qc3 Qxc3 35. bxc3 Nd3 36. Re3 Nb2 37. Re1 Bd1 38. Nf1 Bxf3 39. gxf3 Nc4 40. Rb1 Rd3 41. Rb4 Rxc3 42. Rxa4 Nxa3 43. Ne3 Nb5 44. Kg2 Rc6 45. Nd5 Kg7 46. Rb4 Nd6 47. Rb6 Rxb6 48. Nxb6 f5 49. Nd7 Nc4 50. Kg3 Kf7 51. Nc5 Nd6 52. f4 exf4+ 53. Kxf4 fxe4 54. Nxe4 Nxe4 55. Kxe4 Kf6 56. Kf4 h6 57. h4 Ke6 58. Ke4 g5 59. hxg5 hxg5 60. f4 g4 61. f5+ Kf6 62. Kf4 g3 63. Kxg3 Kxf5 1/2-1/2

[Event "Backa Topola-ch"]
[Site "Backa Topola"]
[Date "2019.12.09"]
[Round "7"]
[White "Slavic, Nikola"]
[Black "Matkovic, Jovan"]
[Result "0-1"]
[WhiteElo "1964"]
[BlackElo "1888"]
[PlyCount "118"]
[EventDate "2019.11.25"]
[EventType "swiss"]
[EventRounds "9"]
[EventCountry "SRB"]
[SourceTitle "CBM 193 Extra"]
[Source "ChessBase"]
[SourceDate "2020.01.31"]
[SourceVersion "1"]
[SourceVersionDate "2020.01.31"]
[SourceQuality "1"]

1. e4 c5 2. c3 d5 3. exd5 Qxd5 4. Nf3 Bg4 5. Be2 Nc6 6. Na3 e5 7. Qa4 Nf6 8. 0-0 0-0-0 9. Bc4 Qd7 10. Ng5 Bh5 11. Bb5 h6 12. Ne4 Nd5 13. Re1 Nb6 14. Bxc6 bxc6 15. Qa6+ Qb7 16. Qxb7+ Kxb7 17. Ng3 Bg6 18. b3 f6 19. Nb1 Bd3 20. a4 a5 21. Na3 g6 22. Ra2 Bg7 23. Ne4 Bxe4 24. Rxe4 f5 25. Re1 Rd3 26. Nc4 Nxc4 27. bxc4 Rhd8 28. Kf1 e4 29. Ke2 f4 30. Ba3 e3 31. fxe3 fxe3 32. dxe3 Bxc3 33. Rb1+ Bb4 34. Bc1 Rd1 35. Rab2 Re1+ 36. Kf3 Rdd1 37. Rc2 Kc7 38. e4 g5 39. h4 Bd2 40. Bxd2 Rf1+ 41. Kg4 Rxb1 42. Bxa5+ Kd6 43. hxg5 hxg5 44. Kxg5 Ra1 45. Bc3 Rxa4 46. e5+ Ke6 47. Rd2 Rxc4 48. Rd6+ Ke7 49. Ba5 Rff4 50. Rxc6 Rg4+ 51. Kh5 Rxg2 52. Bb6 Rc1 53. Bxc5+ Kd7 54. Rd6+ Kc7 55. Bb6+ Kb7 56. Bd8 Rh1+ 57. Bh4 Rg8 58. Rh6 Rg2 59. Rg6 Rxh4+ 0-1

[Event "Subotica City-ch"]
[Site "Subotica"]
[Date "2019.03.11"]
[Round "7"]
[White "Slavic, Nikola"]
[Black "Bosnjak, Slobodan"]
[Result "1/2-1/2"]
[WhiteElo "1919"]
[BlackElo "1819"]
[PlyCount "88"]
[EventDate "2019.02.25"]
[EventType "swiss"]
[EventRounds "9"]
[EventCountry "SRB"]
[SourceTitle "CBM 189 Extra"]
[Source "ChessBase"]
[SourceDate "2019.06.03"]
[SourceVersion "1"]
[SourceVersionDate "2019.06.03"]
[SourceQuality "1"]

1. e4 e6 2. d4 d5 3. Nd2 Nc6 4. c3 dxe4 5. Nxe4 Nf6 6. Nxf6+ Qxf6 7. Nf3 h6 8. g3 Bd7 9. Bg2 Bd6 10. 0-0 0-0 11. Re1 Rad8 12. Qc2 b6 13. b3 e5 14. d5 Ne7 15. c4 Bf5 16. Qc3 Ng6 17. Bb2 Rfe8 18. Nd2 a5 19. a3 h5 20. Ne4 Bxe4 21. Rxe4 Bc5 22. Qf3 Qxf3 23. Bxf3 f5 24. Re2 h4 25. Rae1 hxg3 26. hxg3 e4 27. Bh5 Kh7 28. Kg2 Rf8 29. Rh1 Rd6 30. f3 Kg8 31. f4 b5 32. Bxg6 Rxg6 33. cxb5 Rd6 34. Rd1 Rfd8 35. Be5 Rxd5 36. Rxd5 Rxd5 37. Bxc7 Bxa3 38. Ra2 Bb4 39. b6 Rb5 40. Rc2 Ba3 41. Rc3 Bb4 42. Rc2 Ba3 43. Rc3 Bb4 44. Rc2 Ba3 1/2-1/2

[Event "Subotica City-ch"]
[Site "Subotica"]
[Date "2019.03.06"]
[Round "5"]
[White "Slavic, Nikola"]
[Black "Farkas, Sandor I"]
[Result "0-1"]
[WhiteElo "1919"]
[BlackElo "2003"]
[PlyCount "112"]
[EventDate "2019.02.25"]
[EventType "swiss"]
[EventRounds "9"]
[EventCountry "SRB"]
[SourceTitle "CBM 189 Extra"]
[Source "ChessBase"]
[SourceDate "2019.06.03"]
[SourceVersion "1"]
[SourceVersionDate "2019.06.03"]
[SourceQuality "1"]

1. e4 c5 2. Nf3 d6 3. Bb5+ Nd7 4. 0-0 a6 5. Bd3 Ngf6 6. c3 e5 7. Bc2 Be7 8. d4 0-0 9. dxc5 Nxc5 10. c4 Ncxe4 11. Ng5 Nxg5 12. Bxg5 h6 13. Bh4 Ne8 14. Qd3 f5 15. Bxe7 Qxe7 16. Nc3 Nf6 17. Rad1 Be6 18. b3 Rad8 19. Rfe1 Qf7 20. Rd2 e4 21. Qd4 d5 22. c5 Qc7 23. Bd1 Rc8 24. b4 b6 25. Na4 Nd7 26. cxb6 Qd6 27. Bb3 Nf6 28. Nc5 Qxb6 29. Nxe6 Qxe6 30. Bxd5 Nxd5 31. Qxd5 Qxd5 32. Rxd5 Rc2 33. Ra5 Rf6 34. a4 Rb2 35. b5 axb5 36. axb5 Rb6 37. g3 R6xb5 38. Ra3 R5b3 39. Rxb3 Rxb3 40. h4 Kf7 41. Kg2 Kg6 42. Re2 Kh5 43. Kh3 Rf3 44. Kg2 Kg4 45. Re1 Rc3 46. Re2 g5 47. hxg5 Kxg5 48. Re1 Kg4 49. Rh1 Kg5 50. Rh4 Rf3 51. Rh3 f4 52. gxf4+ Rxf4 53. Rh1 h5 54. Re1 Kg4 55. Re3 h4 56. Rh3 Rxf2+ 0-1

[Event "Subotica City-ch"]
[Site "Subotica"]
[Date "2019.03.01"]
[Round "3"]
[White "Slavic, Nikola"]
[Black "Nagy, Attila N"]
[Result "0-1"]
[WhiteElo "1919"]
[BlackElo "2206"]
[PlyCount "84"]
[EventDate "2019.02.25"]
[EventType "swiss"]
[EventRounds "9"]
[EventCountry "SRB"]
[SourceTitle "CBM 189 Extra"]
[Source "ChessBase"]
[SourceDate "2019.06.03"]
[SourceVersion "1"]
[SourceVersionDate "2019.06.03"]
[SourceQuality "1"]

1. e4 c5 2. Nf3 d6 3. d4 cxd4 4. Qxd4 Bd7 5. Nc3 Nc6 6. Qd3 Nf6 7. Bg5 a6 8. Bxf6 gxf6 9. 0-0-0 e6 10. Kb1 Qa5 11. Nd2 b5 12. f4 Rc8 13. Nb3 Qc7 14. Rc1 Be7 15. Qh3 b4 16. Nd1 a5 17. Ne3 a4 18. Nd2 Na5 19. Bd3 a3 20. c4 axb2 21. Kxb2 Qa7 22. Nc2 Nc6 23. Nb3 Ra8 24. Ra1 f5 25. Qh6 Bf8 26. Qg5 h6 27. Qg3 Rh7 28. Rhe1 Bg7+ 29. e5 dxe5 30. fxe5 Qc7 31. Ncd4 Nxe5 32. Kc2 Rc8 33. Nxf5 Nxd3 34. Nd6+ Kf8 35. Qxd3 Bxa1 36. Rxa1 Rg7 37. Nxc8 Rxg2+ 38. Nd2 Bxc8 39. h4 Bb7 40. Rc1 Qe5 41. Kb1 Ke7 42. Qb3 Qd6 0-1

[Event "Senta op 22nd"]
[Site "Senta"]
[Date "2018.07.14"]
[Round "1"]
[White "Milosevic, Milos"]
[Black "Slavic, Nikola"]
[Result "1-0"]
[WhiteElo "2315"]
[BlackElo "1959"]
[PlyCount "131"]
[EventDate "2018.07.14"]
[EventType "swiss"]
[EventRounds "9"]
[EventCountry "SRB"]
[SourceTitle "CBM 185 Extra"]
[Source "ChessBase"]
[SourceDate "2018.07.29"]
[SourceVersion "1"]
[SourceVersionDate "2018.07.29"]
[SourceQuality "1"]

1. e4 c5 2. Nf3 Nc6 3. Bb5 d6 4. 0-0 Bd7 5. Re1 a6 6. Bf1 Bg4 7. h3 Bxf3 8. Qxf3 g6 9. c3 Bg7 10. Na3 e6 11. d3 Nge7 12. Bg5 0-0 13. Nc2 b5 14. Rad1 Qc7 15. Bf6 e5 16. Ne3 Qd7 17. Nd5 Nxd5 18. exd5 Ne7 19. d4 cxd4 20. cxd4 Bxf6 21. Qxf6 Nxd5 22. Qf3 e4 23. Qxe4 Nb6 24. Qf4 Kg7 25. g3 Rae8 26. Rc1 Rxe1 27. Rxe1 Rc8 28. h4 Nd5 29. Qd2 h5 30. Bg2 Qf5 31. Be4 Qe6 32. Re2 Rc7 33. Qg5 Nf6 34. Bxg6 Qg4 35. Qxg4 hxg4 36. Bc2 Rc4 37. Rd2 a5 38. Kg2 b4 39. f3 Rc7 40. fxg4 Nxg4 41. Kf3 Nf6 42. g4 Re7 43. g5 Nd5 44. Re2 Rxe2 45. Kxe2 f6 46. gxf6+ Kxf6 47. Kd3 Nb6 48. Bd1 Kf5 49. h5 d5 50. Kc2 a4 51. Be2 Kg5 52. a3 bxa3 53. bxa3 Na8 54. Bb5 Nc7 55. Bxa4 Kxh5 56. Bc6 Kg5 57. Kc3 Kf6 58. Kb4 Ne6 59. Bxd5 Nxd4 60. Kc5 Nf5 61. a4 Ke7 62. a5 Nd6 63. Kc6 Nc8 64. Kc7 Nd6 65. Bc6 Nc4 66. a6 1-0

[Event "Palic Karadzic Memorial op"]
[Site "Palic"]
[Date "2017.10.29"]
[Round "2"]
[White "Kovacevic, Aleksandar"]
[Black "Slavic, Nikola"]
[Result "1-0"]
[WhiteElo "2493"]
[BlackElo "1921"]
[PlyCount "61"]
[EventDate "2017.10.28"]
[EventType "swiss"]
[EventRounds "9"]
[EventCountry "SRB"]
[SourceTitle "CBM 181 Extra"]
[Source "ChessBase"]
[SourceDate "2017.12.12"]
[SourceVersion "1"]
[SourceVersionDate "2017.12.12"]
[SourceQuality "1"]

1. e4 e6 2. d4 d5 3. Nd2 dxe4 4. Nxe4 Bd7 5. Nf3 Bc6 6. Bd3 Nd7 7. 0-0 Bxe4 8. Bxe4 c6 9. c4 Ngf6 10. Bd3 Be7 11. b3 0-0 12. Bb2 Qa5 13. a3 Rad8 14. Qc2 Qh5 15. Rfe1 Rfe8 16. Ne5 g6 17. Rad1 Ng4 18. Nxg4 Qxg4 19. d5 cxd5 20. cxd5 exd5 21. Qc7 Bf6 22. h3 Rxe1+ 23. Rxe1 Qg5 24. Bc1 Qh4 25. Bb5 Nf8 26. Be8 Rxe8 27. Rxe8 Kg7 28. Bf4 Bd4 29. Be5+ Bxe5 30. Qxe5+ Kg8 31. Qxd5 1-0

[Event "Senta op 21st"]
[Site "Senta"]
[Date "2017.07.24"]
[Round "1"]
[White "Slavic, Nikola"]
[Black "Farkas, Tibor"]
[Result "1/2-1/2"]
[WhiteElo "1872"]
[BlackElo "2309"]
[PlyCount "175"]
[EventDate "2017.07.24"]
[EventType "swiss"]
[EventRounds "9"]
[EventCountry "SRB"]
[SourceTitle "CBM 179 Extra"]
[Source "ChessBase"]
[SourceDate "2017.08.23"]
[SourceVersion "1"]
[SourceVersionDate "2017.08.23"]
[SourceQuality "1"]

1. e4 c5 2. Nf3 d6 3. Bb5+ Nd7 4. 0-0 a6 5. Bd3 Ngf6 6. c4 g6 7. Nc3 Bg7 8. Bc2 b6 9. Re1 Bb7 10. h3 Rc8 11. d3 0-0 12. Be3 e6 13. Qd2 d5 14. Bh6 d4 15. Ne2 e5 16. Bxg7 Kxg7 17. Ng3 b5 18. b3 Ne8 19. a4 Nd6 20. axb5 axb5 21. Qa5 Qe7 22. Qd2 f5 23. Qg5 Qxg5 24. Nxg5 Rfe8 25. Ra7 h6 26. Nf3 f4 27. Nf1 Rc7 28. Rea1 b4 29. Bd1 Nb8 30. N1h2 Nc6 31. R7a2 Rf8 32. Nd2 h5 33. h4 Kh6 34. Nhf3 Nf7 35. Kf1 Rg8 36. Be2 Rcc8 37. Kg1 Ra8 38. Rxa8 Rxa8 39. Rxa8 Bxa8 40. Bd1 Kg7 41. Kf1 Bb7 42. Nh2 Bc8 43. Kg1 Ne7 44. Bf3 Ng8 45. Bd1 Nf6 46. Kf1 Bd7 47. Ke1 Bg4 48. Nxg4 hxg4 49. g3 Nh6 50. Kf1 Nh5 51. Kg2 Kf6 52. Kh2 g5 53. hxg5+ Kxg5 54. Kg2 Nf7 55. Kh2 Nh8 56. Kg2 Ng6 57. Kh2 Nf6 58. Kg2 Nh7 59. Kh2 Kh5 60. Kg2 Ng5 61. Kf1 Nf8 62. Kg2 Nfe6 63. Kf1 f3 64. Ke1 Kg6 65. Nf1 Nf8 66. Nh2 Kh5 67. Nf1 Nd7 68. Nd2 Nf6 69. Kf1 Kg6 70. Ke1 Kf7 71. Kf1 Ke6 72. Ke1 Nh5 73. Nf1 Kf7 74. Nh2 Nf6 75. Bc2 Nh3 76. Kf1 Kg6 77. Ke1 Ng1 78. Bd1 Nh3 79. Bc2 Kh5 80. Nf1 Ng1 81. Bd1 Nh7 82. Nd2 Ng5 83. Kf1 N1h3 84. Bc2 Ne6 85. Ke1 Kg5 86. Bd1 Kf6 87. Nf1 Kg5 88. Nd2 1/2-1/2

[Event "Stari Zednik"]
[Site "Stari Zednik"]
[Date "2017.06.26"]
[Round "8"]
[White "Slavic, Nikola"]
[Black "Jancikin, Svetozar"]
[Result "0-1"]
[WhiteElo "1857"]
[BlackElo "1951"]
[PlyCount "62"]
[EventDate "2017.06.14"]
[EventType "swiss"]
[EventRounds "9"]
[EventCountry "SRB"]
[SourceTitle "CBM 179 Extra"]
[Source "ChessBase"]
[SourceDate "2017.08.23"]
[SourceVersion "1"]
[SourceVersionDate "2017.08.23"]
[SourceQuality "1"]

1. e4 d6 2. d4 g6 3. Nc3 Bg7 4. Be3 Nf6 5. f3 Nbd7 6. Qd2 e5 7. 0-0-0 exd4 8. Bxd4 0-0 9. Kb1 Re8 10. Nge2 b5 11. Nc1 b4 12. N3e2 a5 13. g4 Ne5 14. Bxe5 Rxe5 15. Nd3 Rb5 16. h4 h5 17. g5 Nd7 18. Nec1 Rbb8 19. f4 Nb6 20. f5 Bc3 21. Qf2 Nc4 22. Nb3 a4 23. bxc3 bxc3 24. Ndc1 Na3+ 25. Ka1 axb3 26. cxb3 Qe7 27. Bd3 c2 28. Bxc2 Qe5+ 29. Rd4 Qxd4+ 30. Qxd4 Nxc2+ 31. Kb2 Nxd4 0-1

[Event "Stari Zednik"]
[Site "Stari Zednik"]
[Date "2017.06.19"]
[Round "4"]
[White "Varga, Imre"]
[Black "Slavic, Nikola"]
[Result "0-1"]
[WhiteElo "1716"]
[BlackElo "1857"]
[PlyCount "50"]
[EventDate "2017.06.14"]
[EventType "swiss"]
[EventRounds "9"]
[EventCountry "SRB"]
[SourceTitle "CBM 179 Extra"]
[Source "ChessBase"]
[SourceDate "2017.08.23"]
[SourceVersion "1"]
[SourceVersionDate "2017.08.23"]
[SourceQuality "1"]

1. c4 e6 2. Nc3 d5 3. e3 Nf6 4. d4 Be7 5. c5 c6 6. Bd3 0-0 7. h3 Nbd7 8. Qc2 e5 9. g4 e4 10. Be2 Qc7 11. Bd2 b6 12. cxb6 axb6 13. g5 Ne8 14. h4 Ba6 15. Rc1 Qd6 16. a3 Bxe2 17. Ncxe2 c5 18. f4 Qe6 19. Ng3 Nd6 20. Bc3 Nf5 21. Nxf5 Qxf5 22. Qg2 cxd4 23. Bxd4 Nc5 24. Rc3 Nd3+ 25. Kd1 Rac8 0-1

[Event "Subotica-ch op"]
[Site "Subotica"]
[Date "2017.03.08"]
[Round "7"]
[White "Vadoc, Karolj"]
[Black "Slavic, Nikola"]
[Result "1-0"]
[WhiteElo "1902"]
[BlackElo "1869"]
[PlyCount "159"]
[EventDate "2017.02.22"]
[EventType "swiss"]
[EventRounds "9"]
[EventCountry "SRB"]
[SourceTitle "CBM 177 Extra"]
[Source "ChessBase"]
[SourceDate "2017.04.27"]
[SourceVersion "1"]
[SourceVersionDate "2017.04.27"]
[SourceQuality "1"]

1. e4 e6 2. d4 d5 3. e5 b6 4. Nf3 Qd7 5. Bd3 Ba6 6. 0-0 Bxd3 7. Qxd3 c5 8. c3 Nc6 9. Be3 c4 10. Qc2 Nge7 11. Nbd2 Nf5 12. b3 b5 13. a4 cxb3 14. Qxb3 bxa4 15. Qxa4 Be7 16. c4 0-0 17. c5 Rfb8 18. Rfb1 Qc7 19. Qa6 h6 20. h3 Bd8 21. Rb3 Nfe7 22. Raa3 Rxb3 23. Nxb3 Rb8 24. Bd2 Qb7 25. Qxb7 Rxb7 26. Na5 Nxa5 27. Bxa5 Bxa5 28. Rxa5 Nc6 29. Ra6 Rc7 30. Ne1 Nxd4 31. Nd3 Nb3 32. c6 Kf8 33. f4 Nd4 34. Nb4 Ne2+ 35. Kf2 Nxf4 36. Kf3 Ng6 37. Nd3 Ke8 38. Ke3 Ne7 39. Nb4 f6 40. Kd4 Nf5+ 41. Kc5 fxe5 42. g4 Nd4 43. Kd6 Re7 44. Kxe5 Nf3+ 45. Kd6 Kd8 46. Ra2 Ng5 47. Na6 Nf7+ 48. Kc5 Ne5 49. Rc2 Nxc6 50. Kxc6 d4 51. Rd2 e5 52. Kd5 Ke8 53. Ke4 Kf7 54. Nc5 Kg6 55. h4 a5 56. Nd3 Kf6 57. Rf2+ Ke6 58. Ra2 Ra7 59. Nxe5 a4 60. Kxd4 a3 61. Nc4 Rf7 62. Ke4 Rc7 63. Nxa3 Ra7 64. Kf3 Kf6 65. Ra1 g6 66. Nc2 Rc7 67. Ra6+ Kg7 68. Ne3 Rb7 69. Rc6 Rb3 70. Ke4 Rb1 71. Ke5 Rh1 72. Rc7+ Kf8 73. Kf6 Ke8 74. Kxg6 Rxh4 75. Rh7 Rh3 76. Nf5 Rh1 77. Rxh6 Rg1 78. g5 Kd7 79. Kf6 Re1 80. g6 1-0

[Event "Subotica-ch op"]
[Site "Subotica"]
[Date "2017.03.01"]
[Round "4"]
[White "Kovacs Sztriko, Zoltan"]
[Black "Slavic, Nikola"]
[Result "1-0"]
[WhiteElo "2079"]
[BlackElo "1869"]
[PlyCount "119"]
[EventDate "2017.02.22"]
[EventType "swiss"]
[EventRounds "9"]
[EventCountry "SRB"]
[SourceTitle "CBM 177 Extra"]
[Source "ChessBase"]
[SourceDate "2017.04.27"]
[SourceVersion "1"]
[SourceVersionDate "2017.04.27"]
[SourceQuality "1"]

1. d4 d5 2. c4 e6 3. Nc3 Nf6 4. Bg5 Nbd7 5. e3 Be7 6. Nf3 0-0 7. Bd3 dxc4 8. Bxc4 b6 9. 0-0 Bb7 10. Rc1 c5 11. Bd3 cxd4 12. Nxd4 Ne5 13. Bb1 Rc8 14. Qb3 Nd5 15. Bxe7 Qxe7 16. Be4 Qh4 17. Bxd5 Bxd5 18. Nxd5 Rxc1 19. Rxc1 Ng4 20. Ne7+ Kh8 21. Nf3 Qxe7 22. Qc4 Nf6 23. Qc7 Qxc7 24. Rxc7 a5 25. Ne5 Kg8 26. Kf1 Nd5 27. Rc6 Nb4 28. Rxb6 Nxa2 29. Ra6 f6 30. Nd3 Nb4 31. Nxb4 axb4 32. Rb6 Rc8 33. Rxb4 Kf7 34. Rb7+ Kg6 35. b4 Rc2 36. b5 Rb2 37. Ke1 e5 38. b6 e4 39. Rb8 Kf5 40. b7 h5 41. Kd1 g6 42. Kc1 Rb6 43. Kc2 Rb5 44. Kc3 Rb1 45. Kc4 Rc1+ 46. Kb5 Rb1+ 47. Kc6 Rc1+ 48. Kd7 Rd1+ 49. Ke7 Rb1 50. Kf7 Rb2 51. Kg7 h4 52. Kh6 g5 53. h3 Rb6 54. Kh5 Rb5 55. g3 hxg3 56. fxg3 g4 57. h4 Ke6+ 58. Kh6 Kd7 59. Rh8 Kc7 60. b8Q+ 1-0

[Event "Senta op 20th"]
[Site "Senta"]
[Date "2016.07.28"]
[Round "8"]
[White "Slavic, Nikola"]
[Black "Nagy, Attila"]
[Result "0-1"]
[WhiteElo "1879"]
[BlackElo "2210"]
[PlyCount "102"]
[EventDate "2016.07.22"]
[EventType "swiss"]
[EventRounds "9"]
[EventCountry "SRB"]
[SourceTitle "EXT 2017"]
[Source "ChessBase"]
[SourceDate "2016.10.25"]
[SourceVersion "1"]
[SourceVersionDate "2016.10.25"]
[SourceQuality "1"]

1. e4 c5 2. Nf3 d6 3. d4 cxd4 4. Nxd4 Nf6 5. Nc3 Nc6 6. Be2 e5 7. Nb3 Be7 8. Be3 0-0 9. 0-0 a6 10. a4 Be6 11. f3 Rc8 12. Qd2 Bxb3 13. cxb3 Nd4 14. Bc4 Qd7 15. Rad1 b5 16. axb5 axb5 17. Bd5 Nxd5 18. Bxd4 Nxc3 19. Bxc3 Qa7+ 20. Kh1 Rc6 21. b4 Qa2 22. Qd5 Qc4 23. Qxc4 bxc4 24. Ra1 f5 25. g3 g6 26. Kg2 Kf7 27. Ra7 Ke6 28. Rfa1 Rb8 29. R7a6 Rcb6 30. Rxb6 Rxb6 31. Kf2 d5 32. exd5+ Kxd5 33. Ra5+ Kc6 34. Rxe5 Bxb4 35. Re6+ Kd5 36. Rxb6 Bc5+ 37. Ke2 Bxb6 38. h3 Bc7 39. g4 fxg4 40. hxg4 h5 41. gxh5 gxh5 42. Kf2 Be5 43. Kg2 Bxc3 44. bxc3 Ke5 45. Kg3 Kf5 46. f4 h4+ 47. Kf3 h3 48. Kg3 h2 49. Kxh2 Kxf4 50. Kg1 Ke3 51. Kf1 Kd2 0-1

[Event "Senta op 20th"]
[Site "Senta"]
[Date "2016.07.22"]
[Round "1"]
[White "Radusinovic, Lazar"]
[Black "Slavic, Nikola"]
[Result "1-0"]
[WhiteElo "2361"]
[BlackElo "1879"]
[PlyCount "65"]
[EventDate "2016.07.22"]
[EventType "swiss"]
[EventRounds "9"]
[EventCountry "SRB"]
[SourceTitle "EXT 2017"]
[Source "ChessBase"]
[SourceDate "2016.10.25"]
[SourceVersion "1"]
[SourceVersionDate "2016.10.25"]
[SourceQuality "1"]

1. d4 Nf6 2. Nf3 g6 3. g3 Bg7 4. Bg2 0-0 5. 0-0 d5 6. Be3 c6 7. Qc1 Bg4 8. Bh6 Bxf3 9. Bxf3 Nbd7 10. Bxg7 Kxg7 11. c4 e5 12. cxd5 cxd5 13. dxe5 Nxe5 14. Bg2 Qb6 15. b3 Rac8 16. Qd1 d4 17. Nd2 Rfe8 18. Rc1 Rxc1 19. Qxc1 Re7 20. Qb2 Ne8 21. Rd1 f6 22. Nf3 Nxf3+ 23. Bxf3 Rd7 24. e3 Nc7 25. exd4 Nb5 26. d5 Nd6 27. Re1 Rf7 28. h4 h5 29. Kg2 Qb4 30. Re6 Nc4 31. Qd4 b5 32. bxc4 bxc4 33. Rc6 1-0

[Event "Subotica-ch op"]
[Site "Subotica"]
[Date "2016.03.07"]
[Round "7"]
[White "Jovanovic, Milan B"]
[Black "Slavic, Nikola"]
[Result "1-0"]
[WhiteElo "2017"]
[BlackElo "1875"]
[PlyCount "77"]
[EventDate "2016.02.22"]
[EventType "swiss"]
[EventRounds "9"]
[EventCountry "SRB"]
[SourceTitle "CBM 171 Extra"]
[Source "ChessBase"]
[SourceDate "2016.04.26"]
[SourceVersion "1"]
[SourceVersionDate "2016.04.26"]
[SourceQuality "1"]

1. e4 c5 2. b4 b6 3. b5 Bb7 4. Nc3 e6 5. Nf3 d6 6. Bb2 Nd7 7. d4 Ngf6 8. d5 Be7 9. dxe6 fxe6 10. Ng5 Nf8 11. Bc4 Qd7 12. Qe2 h6 13. Nf3 Ng6 14. g3 0-0-0 15. 0-0-0 Ng4 16. Nd2 N4e5 17. Bb3 Kb8 18. f4 Nf7 19. Qh5 Nge5 20. fxe5 Nxe5 21. Nc4 Bg5+ 22. Kb1 Nxc4 23. Bxc4 Rhf8 24. Qg4 Rde8 25. Bd5 Qe7 26. Bc6 Rd8 27. Bxb7 Kxb7 28. Ne2 d5 29. Nf4 Bxf4 30. gxf4 d4 31. c3 d3 32. c4 Rf7 33. Be5 Qd7 34. Rd2 a6 35. Rhd1 Qe8 36. a4 axb5 37. axb5 Ra8 38. Rxd3 Ra4 39. Rd8 1-0

[Event "Subotica-ch op"]
[Site "Subotica"]
[Date "2016.03.04"]
[Round "6"]
[White "Slavic, Nikola"]
[Black "Matkovic, Jovan"]
[Result "1/2-1/2"]
[WhiteElo "1875"]
[BlackElo "1960"]
[PlyCount "54"]
[EventDate "2016.02.22"]
[EventType "swiss"]
[EventRounds "9"]
[EventCountry "SRB"]
[SourceTitle "CBM 171 Extra"]
[Source "ChessBase"]
[SourceDate "2016.04.26"]
[SourceVersion "1"]
[SourceVersionDate "2016.04.26"]
[SourceQuality "1"]

1. e4 c5 2. Nf3 g6 3. d4 Bg7 4. c3 b6 5. Bd3 d6 6. Be3 Nd7 7. Nbd2 Qc7 8. Qe2 Ngf6 9. h3 a6 10. 0-0 0-0 11. a4 Nh5 12. Nh2 e5 13. Ndf3 Ra7 14. Rac1 Qb7 15. Ng4 f5 16. Bc4+ Kh8 17. Bd5 Qb8 18. Nh6 Nhf6 19. Bg5 Nxd5 20. exd5 e4 21. Nh2 cxd4 22. cxd4 Bxd4 23. g4 Bg7 24. Rcd1 Be5 25. f4 Bf6 26. Bxf6+ Rxf6 27. g5 Rf8 1/2-1/2

[Event "Subotica-ch op"]
[Site "Subotica"]
[Date "2016.02.22"]
[Round "1"]
[White "Meszaros, Bela"]
[Black "Slavic, Nikola"]
[Result "1-0"]
[WhiteElo "2224"]
[BlackElo "1875"]
[PlyCount "87"]
[EventDate "2016.02.22"]
[EventType "swiss"]
[EventRounds "9"]
[EventCountry "SRB"]
[SourceTitle "CBM 171 Extra"]
[Source "ChessBase"]
[SourceDate "2016.04.26"]
[SourceVersion "1"]
[SourceVersionDate "2016.04.26"]
[SourceQuality "1"]

1. e4 e5 2. Nf3 Nc6 3. Bb5 a6 4. Ba4 b5 5. Bb3 Nf6 6. 0-0 Be7 7. Re1 0-0 8. c3 Na5 9. Bc2 c5 10. Nxe5 Bb7 11. d4 d6 12. Nf3 Nc6 13. Nbd2 Qc7 14. Nf1 Rad8 15. Ng3 Rfe8 16. Nf5 Bf8 17. Bg5 Rd7 18. Bxf6 gxf6 19. Qd2 Ne7 20. Nh6+ Bxh6 21. Qxh6 Ng6 22. h4 Qd8 23. h5 Nf8 24. Nh4 cxd4 25. Nf5 Ne6 26. cxd4 Ree7 27. d5 Qf8 28. Qxf6 Ng7 29. Nh6+ Kh8 30. Re3 Re5 31. Nf5 Rxf5 32. exf5 Qd8 33. Qd4 f6 34. Rae1 h6 35. Qg4 Bxd5 36. Qg6 Bg8 37. Re8 Nxe8 38. Rxe8 Qxe8 39. Qxe8 Rc7 40. Bb3 Rg7 41. Qf8 Kh7 42. Qxf6 Rg5 43. Qe7+ Kh8 44. f6 1-0